Pediatrics / (Record no. 16694)
[ view plain ]
| 000 -LEADER | |
|---|---|
| fixed length control field | 00820nam a22002537a 4500 |
| 003 - CONTROL NUMBER IDENTIFIER | |
| control field | EG-ScBUE |
| 005 - DATE AND TIME OF LATEST TRANSACTION | |
| control field | 20220905105043.0 |
| 008 - FIXED-LENGTH DATA ELEMENTS--GENERAL INFORMATION | |
| fixed length control field | 120424s2009 ua a f 000 0 eeng d |
| 040 ## - CATALOGING SOURCE | |
| Original cataloging agency | EG-ScBUE |
| Language of cataloging | eng |
| Description conventions | rda |
| Transcribing agency | EG-ScBUE |
| Modifying agency | EG-ScBUE |
| 082 04 - DEWEY DECIMAL CLASSIFICATION NUMBER | |
| Classification number | 610.7362 |
| Item number | ISM |
| Edition number | 22 |
| 100 1# - MAIN ENTRY--PERSONAL NAME | |
| 9 (RLIN) | 26243 |
| Personal name | Ismail, Mohamed, |
| Relator term | author. |
| 245 10 - TITLE STATEMENT | |
| Title | Pediatrics / |
| Statement of responsibility, etc | Mohamed Ismail, MD, lecturer of pediatrics, Cairo University for Medical Students. |
| 264 #1 - PUBLICATION, DISTRIBUTION, ETC. (IMPRINT) | |
| Place of publication, distribution, etc | Cairo : |
| Name of publisher, distributor, etc | [Mohamed Ismail], |
| Date of publication, distribution, etc | 2009. |
| 300 ## - PHYSICAL DESCRIPTION | |
| Extent | 2 volumes : |
| Other physical details | color illustrations ; |
| Dimensions | 24 cm |
| 336 ## - CONTENT TYPE | |
| Source | rdacontent |
| Content type term | text |
| Content type code | txt |
| 337 ## - MEDIA TYPE | |
| Source | rdamedia |
| Media type term | unmediated |
| Media type code | n |
| 338 ## - CARRIER TYPE | |
| Source | rdacarrier |
| Carrier type term | volume |
| Carrier type code | nc |
| 505 0# - FORMATTED CONTENTS NOTE | |
| Formatted contents note | Part 1 -- Part 2. |
| 650 #7 - SUBJECT ADDED ENTRY--TOPICAL TERM | |
| 9 (RLIN) | 29384 |
| Topical term or geographic name as entry element | Pediatric Nursing. |
| Source of heading or term | BUEsh |
| 651 ## - SUBJECT ADDED ENTRY--GEOGRAPHIC NAME | |
| Source of heading or term | BUEsh |
| 653 ## - INDEX TERM--UNCONTROLLED | |
| Resource For college | Nursing |
| 655 ## - INDEX TERM--GENRE/FORM | |
| Form subdivision | Reading book |
| 9 (RLIN) | 34232 |
| 942 ## - ADDED ENTRY ELEMENTS (KOHA) | |
| Source of classification or shelving scheme | Dewey Decimal Classification |
| Koha item type | Book - Borrowing |
| Withdrawn status | Lost status | Source of classification or shelving scheme | Damaged status | Not for loan | Collection code | Home library | Current library | Shelving location | Date acquired | Source of acquisition | Full call number | Barcode | Date last seen | Price effective from | Koha item type | Public note |
|---|---|---|---|---|---|---|---|---|---|---|---|---|---|---|---|---|
| Dewey Decimal Classification | Donation-Gift | Central Library | Central Library | First floor | 24/04/2012 | Donation | 610.7362 ISM | 000026680 | 15/07/2025 | 24/04/2012 | Book - Borrowing | Pt.1 | ||||
| Dewey Decimal Classification | Donation-Gift | Central Library | Central Library | First floor | 24/04/2012 | Purchase | 610.7362 ISM | 000026675 | 24/04/2012 | 24/04/2012 | Book - Borrowing | Pt.2 |